Normal view
MARC view
- تاليف عمر، أحمد عطا محمد
Entry Personal Name
001 - CONTROL NUMBER
- control field: 10422
003 - CONTROL NUMBER IDENTIFIER
- control field: JO-AjAnu
005 - DATE AND TIME OF LATEST TRANSACTION
- control field: 20230606071956.0
008 - FIXED-LENGTH DATA ELEMENTS
- fixed length control field: 230606|| aca||aabn | a|a d
040 ## - CATALOGING SOURCE
- Original cataloging agency: JO-AjAnu
- Transcribing agency: JO-AjAnu
100 ## - HEADING--PERSONAL NAME
- Personal name: تاليف عمر، أحمد عطا محمد
670 ## - SOURCE DATA FOUND
- Source citation: Work cat.: (JO-AjAnu)5366: تاليف عمر، أحمد عطا محمد, author, تفسير جزء قد سمع ومقدمة في أصول التفسير